000 00402nam a2200169Ia 4500
008 180921t2017 xxu||||| |||| 00| 0 sin d
041 _asin
080 _aX8C32
_bMAD
100 _aMaduwage, Siripala
245 _aහමුවීම
246 _aHamuweema
260 _bGodage
_aColombo
_c2017
300 _a136p, 22cm
942 _cBK
999 _c9684
_d9684
003 LK-CoDNM
040 _aLK-CoDNM
_dLK-CoDNM
_eLK-CoDNM